000 00551nam a2200181Ia 4500
003 GCL
008 140319s9999 xx 000 0 aFre d
020 _a0192828940
040 _aGCL /
_cGCL
082 0 4 _aREF
_b448.2421
_bR F
100 1 _aROWLISON, WILLIAM
245 1 0 _aFRENCH GRAMMAR /
_cROWLISON, WILLIAM
260 _aنيويورك :
_bOXFORD UNIVERSITY PRESS ،
_c1994
300 _a18 CM ؛
_c288 P
650 0 4 _aFRENCH LANGUAGE - TEXTBOOKS FOR FOREIGN SPEAKERS - ENGLISH
650 0 4 _aFRENCH LANGUAGE - GRAMMAR - 1950
942 _2ddc
_cREF
999 _c2467
_d2467